1422 1830 1615 1914 1917 1531 1744 1149 1313 1908 1409 1238 1353 1275 1996 1598 1498 1958 1952 1243 1853 1559 1216 1185 1009 1205 1321 1858 1046 1096 1171 1461 1123 1783 1289 1944 1800 1739 1211 1546 1016 1639 1195 1011 1630 1284 1804 1470 1163 1001 1278 1595 1448 1093 1257 1879 1390 1611 1015 1828 1731 1446 1857 1461 1169 1474 1408 1525 1403 1514 1259 1935 1911 1234 1168 1571 1173 1433 1934 1051 1356 1550 1594 1619 1695 1658 1525 1602 1138 1363 1899 1204 1952 1103 1530 1987 1680 1650 1611 BCNSPRNW ULIB Ver.6.0+V

เปลี่ยนเป็นภาษาไทย

Change to English
 แสดงรายละเอียดบรรณานุกรม
  กลับหน้าหลัก

Brief Record : Get Marc (ISO 2709) : E-mail record : QR code < ปิดหน้าต่าง
LEADER : 00000nam 2200000uu 4500
001    13399127694
003     ULIB
008    210420s2562||||th 000 0 tha d
020    ^a9786169299974
060  0 ^aWJ340^bก766ก
100    ^aเกรียง ตั้งสง่า.
245    ^aการประชุมสัมนาเชิงปฏิบัติการ เรื่อง การพัฒนารูปแบบการดูแลผู้ป่วยโรคไตเรื้อรังโดยทีมสหสาขาวิชาชีพของโรงพยาบาลอำเภอและโดยพยาบาลชุมชน ของ รพ.สต.
260    ^aม.ป.ท. :^bม.ป.พ.,^c2562
300    ^a152 หน้า;^b29 ซม.
650    ^aโรคไตเรื้อรัง-การดูแล
945    ^p0^l0^i008019
999    ^aประนอม เกษจรัล
รายการนี้ยังไม่มีแท็ก
คุณยังไม่ได้ล็อกอิน คุณสามารถมีกิจกรรมร่วมกับเว็บไซต์ได้ แต่ต้องล็อกอินก่อน ::
  ล็อกอิน

รายการสื่อสารสนเทศ

ลำดับที่ ประเภท เลขเรียก/บาร์โค้ด สถานที่ สถานะ
1. วิทยาศาสตร์การแพทย์ และสุขภาพ
วิทยาศาสตร์การแพทย์ และสุขภาพ
WJ340 ก766ก ฉ.1 
  Barcode: 008019
ห้องสมุดวิทยาเขตสวรรค์ประชารักษ์
►หนังสือทั่วไป
บนชั้น

BibComment


ยังไม่เคยถูกคอมเมนท์

คอมเมนท์ทรัพยากรรายการนี้
  คอมเมนท์: การประชุมสัมนาเช..


 Copyright 2026. Bcnsprnw @Library